| 000 | 00000nas 2200000zi 4500 |
| 001 | 9.904850 |
| 003 | CaOODSP |
| 005 | 20230907083931 |
| 006 | m o d f |
| 007 | cr ||||||||||| |
| 008 | 211112c20199999oncar p o f0###b0fre|d |
| 040 | |aCaOODSP|bfre|erda|cCaOODSP |
| 043 | |an-cn--- |
| 086 | 1 |aCC171-37F-PDF |
| 245 | 00|aRapports de surveillance réglementaire de la Direction de la réglementation des substances nucléaires. |nPartie I. |pUtilisation des substances nucléaires au Canada ... ; |nPartie II. |pAccélérateurs de catégorie IB au Canada ... |
| 264 | 1|aOttawa (Ontario) : |bCommission canadienne de sûreté nucléaire = Canadian Nuclear Safety Commission, |c2020- |
| 310 | |aAnnuel |
| 336 | |atexte|btxt|2rdacontent/fre |
| 337 | |ainformatique|bc|2rdamedia/fre |
| 338 | |aressource en ligne|bcr|2rdacarrier/fre |
| 362 | 1 |aParaît depuis 2019 et 2018-2019. |
| 500 | |aPublié aussi en anglais sous le titre : Directorate of Nuclear Substance Regulation regulatory oversight reports. |
| 588 | |aDescription d'après : 2019 et 2018-2019. |
| 588 | |aDernière livraison consultée : 2019 et 2018-2019. |
| 650 | 6|aSubstances radioactives|zCanada|vPériodiques. |
| 650 | 6|aIndustrie nucléaire|zCanada|xPériodiques. |
| 655 | 7|aPériodiques|2rvmgf |
| 710 | 2 |aCommission canadienne de sûreté nucléaire, |eorganisme de publication. |
| 775 | 08|tDirectorate of Nuclear Substance Regulation regulatory oversight reports : |w(CaOODSP)9.904843 |
| 780 | 00|tDirectorate of Nuclear Substance Regulation regulatory oversight reports : |w(CaOODSP)9.904843 |